MARC

LEADER 00000nam0a2200000 4500
001 363695
005 20231101043822.0
035 |a (RuTPU)RU\TPU\retro\21042 
090 |a 363695 
100 |a 20211007d1981 m y0rusy50 ca 
101 0 |a rus 
102 |a RU 
105 |a a z 001zy 
200 1 |a Московские километры БАМа  |f Л. Б. Герчиков, В. П. Харченко 
210 |a Москва  |c Московский рабочий  |d 1981 
215 |a 384 с.  |c ил. 
320 |a Библиогр.: с. 383 
606 1 |a БАМ(Байкало-Амурская магистраль)  |x Постройка  |2 stltpush  |3 (RuTPU)RU\TPU\subj\28039 
610 1 |a документальные повести 
610 1 |a железные дороги 
610 1 |a СССР 
610 1 |a строительство 
610 1 |a СССР 
610 1 |a история 
610 1 |a 20 век 
610 1 |a комсомольские стройки 
610 1 |a хроника событий 
675 |a 625.1.002  |v 4 
700 1 |a Герчиков  |b Л. Б.  |g Леонид Борисович 
701 1 |a Харченко  |b В. П.  |g Владимир Петрович 
801 1 |a RU  |b 63413507  |c 20211007 
801 2 |a RU  |b 63413507  |c 20211007  |g RCR 
942 |c BK